Organizační trendy

Gespeichert in:
Bibliographische Detailangaben
1. Verfasser: Thomasová, Elena
Format: Buchkapitel
Sprache:Tschechisch
Tags: Tag hinzufügen
Keine Tags, Fügen Sie das erste Tag hinzu!

MARC

LEADER 00000naa$a2200000$$$4500
001 0062666
005 20240502083150.9
041 0 |a cze 
044 |a CZ 
245 1 0 |a Organizační trendy  |c Elena Thomasová 
100 1 |a Thomasová, Elena